000 00505nam a22001697a 4500
005 20251108171903.0
008 250721s2003 xx 000 0 ara d
082 1 4 _a614.88/شوا
100 1 _aالشوابكة، ماجد محمد
245 1 0 _aالإسعافات الأولية :
_bنصائح طبية /
264 1 _aعمان :
_bمؤلفين،
_c2003.
300 _a80 ص.
650 1 7 _aالإسعافات الأولية
700 1 _aيوسف، مصطفى
942 _2ddc
_cBK
999 _c65193
_d65193